000 00342nam a2200133Ia 4500
008 230818s2001 xx 000 0 und d
041 _aeng
100 _aAbbott & Lewry
245 _aFront office office
260 _bPlante Tree butter worth pub.
_c2001
300 _a211p
520 _aGeneral | Hard Board
999 _c854744
_d854744
650 _aHotel Front office